000 00878nam a2200265 a 4500
005 20150710171920.0
008 140312b2003 ck ||||| |||| 00| 0 spa d
020 _a9587013301
040 _aCO-BoIAVH
_cCO-BoIAVH
041 _aspa
044 _ack
082 0 4 _a003.3
_bM26i
090 _aLB
_b03388
100 1 _aMancera Pineda, José Ernesto
245 1 0 _aIntroducción a la modelación ecológica:
_bprincipios y aplicaciones /
260 _aBogotá:
_bUniversidad Nacional de Colombia,
_bUniversidad del Magdalena,
_bUniversidad del Valle,
_c2003.
300 _a112 p.
_c28 cm.
650 4 _aModelación
_xaplicaciones.
650 4 _aEcología
_xmodelos
700 1 _aPeña Salamanca, Enrique Javier
700 1 _aGiraldo Henao, Ramón
700 1 _aSantos Martínez, Adriana
942 _cLIBRO
_2ddc
945 _d2004-01-27
999 _c3615
_d3615